Microbiology (Record no. 8541)

MARC details
000 -LEADER
fixed length control field 00408nam a22001577a 4500
008 - FIXED-LENGTH DATA ELEMENTS--GENERAL INFORMATION
fixed length control field 200317b ||||| |||| 00| 0 eng d
082 ## - DEWEY DECIMAL CLASSIFICATION NUMBER
Classification number 579 PEM
100 ## - MAIN ENTRY--PERSONAL NAME
Personal name Pelczar, Michael. J
245 ## - TITLE STATEMENT
Title Microbiology
250 ## - EDITION STATEMENT
Edition statement 60th
Remainder of edition statement 2018
260 ## - PUBLICATION, DISTRIBUTION, ETC. (IMPRINT)
Place of publication, distribution, etc New Delhi
Name of publisher, distributor, etc McGraw Hill Education
650 ## - SUBJECT ADDED ENTRY--TOPICAL TERM
Topical term or geographic name as entry element Pharmceutical Microbiology and Biotech
700 ## - ADDED ENTRY--PERSONAL NAME
Personal name Chen, E.C.S
700 ## - ADDED ENTRY--PERSONAL NAME
Personal name Krieg, Noel.R
942 ## - ADDED ENTRY ELEMENTS (KOHA)
Source of classification or shelving scheme Dewey Decimal Classification
Koha item type Text Books
Holdings
Withdrawn status Lost status Source of classification or shelving scheme Damaged status Not for loan Collection code Home library Current library Date acquired Source of acquisition Currency Cost, normal purchase price Bill Number Total Checkouts Full call number Acc. no. / Barcode Date last seen Copy number Actual Cost, discounted price Bill Date Koha item type Date last borrowed
    Dewey Decimal Classification     B.Pharma PIET C-LIBRARY PIET C-LIBRARY 06/01/2020 Kirti Prakashan IN Rupees 950.00 IN5972   579 PEM BP114 17/03/2020 1 646.00 06/01/2020 Reference Books  
    Dewey Decimal Classification     B.Pharma PIET C-LIBRARY PIET C-LIBRARY 06/01/2020 Kirti Prakashan IN Rupees 950.00 IN5972 1 579 PEM BP115 13/03/2024 2 646.00 06/01/2020 Text Books 23/02/2024
    Dewey Decimal Classification     B.Pharma PIET C-LIBRARY PIET C-LIBRARY 06/01/2020 Kirti Prakashan IN Rupees 950.00 IN5972   579 PEM BP116 17/03/2020 3 646.00 06/01/2020 Text Books  
    Dewey Decimal Classification     B.Pharma PIET C-LIBRARY PIET C-LIBRARY 06/01/2020 Kirti Prakashan IN Rupees 950.00 IN5972 1 579 PEM BP117 06/06/2023 4 646.00 06/01/2020 Text Books 23/01/2023

Design & Developed by: PIET Central Library
R70 Miles Stone Pattikalyana Samalkha Panipat 132102
mail ID :- [email protected], Phone No:- 0180-2569700 Ex.216